Tuyển tập Cao Xuân Dục

Gardado en:
Detalles Bibliográficos
Autor Principal: Cao Xuân Dục
Formato: Libro
Idioma:Undetermined
Publicado: H. Văn Học 2002
Những chủ đề:
Các nhãn: Engadir etiqueta
Sen Etiquetas, Sexa o primeiro en etiquetar este rexistro!
Thư viện lưu trữ: Trung tâm Học liệu Trường Đại học Cần Thơ
LEADER 00562nam a2200193Ia 4500
001 CTU_55469
008 210402s9999 xx 000 0 und d
020 |b 69000 
082 |a 959.7 
082 |b T527/T3 
100 |a Cao Xuân Dục 
245 0 |a Tuyển tập Cao Xuân Dục 
245 0 |c Cao Xuân Dục; Quốc sử quán triều Nguyễn và Hoàng Văn Lâu dịch 
260 |a H. 
260 |b Văn Học 
260 |c 2002 
650 |a vietnam 
650 |x history 
980 |a Trung tâm Học liệu Trường Đại học Cần Thơ